[Event "Lublin Gerlecka Memorial 3rd"]
[Site "Lublin"]
[Date "2013.08.??"]
[Round "7.2"]
[White "Czerw, Dawid"]
[Black "Siedlanowski, Lukasz"]
[Result "1/2-1/2"]
[WhiteElo "1942"]
[BlackElo "1931"]
[PlyCount "26"]
[EventDate "2013.08.06"]
[EventType "swiss"]
[EventRounds "9"]
[EventCountry "POL"]
[SourceTitle "EXT 2023"]
[Source "ChessBase"]
[SourceDate "2022.10.05"]
[SourceVersion "1"]
[SourceVersionDate "2022.10.05"]
[SourceQuality "1"]

1. d4 c6 2. c4 d5 3. Nf3 Nf6 4. cxd5 cxd5 5. Nc3 Nc6 6. Bf4 Qb6 7. Na4 Qa5+ 8. Nc3 Qb6 9. Na4 Qa5+ 10. Nc3 Qb6 11. Na4 Qa5+ 12. Nc3 Qb6 13. Na4 Qa5+ 1/2-1/2

[Event "POL-ch U16"]
[Site "Szczyrk"]
[Date "2013.??.??"]
[Round "6"]
[White "Kulas, Szymon"]
[Black "Siedlanowski, Lukasz"]
[Result "1/2-1/2"]
[WhiteElo "2088"]
[BlackElo "1900"]
[PlyCount "107"]
[EventDate "2013.03.17"]
[EventType "swiss"]
[EventRounds "9"]
[EventCountry "POL"]
[SourceTitle "CBM 153 Extra"]
[Source "ChessBase"]
[SourceDate "2013.04.22"]
[SourceVersion "1"]
[SourceVersionDate "2013.04.22"]
[SourceQuality "1"]

1. e4 c5 2. Nf3 Nc6 3. c3 d5 4. exd5 Qxd5 5. d4 Bg4 6. Be2 e6 7. 0-0 Nf6 8. Be3 cxd4 9. cxd4 Be7 10. Nc3 Qd6 11. Qb3 0-0 12. Rac1 Qb4 13. Qxb4 Nxb4 14. h3 Bf5 15. g4 Bd3 16. Bxd3 Nxd3 17. Rcd1 Nb4 18. a3 Nbd5 19. g5 Nd7 20. Nxd5 exd5 21. Bf4 Rfc8 22. Rfe1 Bf8 23. Re2 Re8 24. Rc2 Rac8 25. Rdc1 Rxc2 26. Rxc2 Nb6 27. b3 Rc8 28. Re2 Rc3 29. Kg2 f6 30. Re8 Rc8 31. Re2 Kf7 32. a4 Rc3 33. gxf6 gxf6 34. Re3 Bb4 35. Nh4 Nc8 36. Nf5 Rxe3 37. fxe3 Ke6 38. Ng7+ Kf7 39. Nf5 Ke6 40. Ng3 Ne7 41. Nh5 a6 42. Kf3 Ng6 43. Bb8 Be7 44. Ke2 Bf8 45. Kd3 Kf5 46. Ng3+ Kg5 47. e4 dxe4+ 48. Kxe4 Ne7 49. Bf4+ Kh4 50. d5 Kxh3 51. d6 Nc6 52. Nh5 f5+ 53. Kxf5 Bxd6 54. Bxd6 1/2-1/2

[Event "POL-ch U16"]
[Site "Szczyrk"]
[Date "2013.??.??"]
[Round "9"]
[White "Siedlanowski, Lukasz"]
[Black "Gajek, Radoslaw"]
[Result "0-1"]
[WhiteElo "1900"]
[BlackElo "2273"]
[PlyCount "136"]
[EventDate "2013.03.17"]
[EventType "swiss"]
[EventRounds "9"]
[EventCountry "POL"]
[SourceTitle "CBM 153 Extra"]
[Source "ChessBase"]
[SourceDate "2013.04.22"]
[SourceVersion "1"]
[SourceVersionDate "2013.04.22"]
[SourceQuality "1"]

1. d4 Nf6 2. Nf3 c5 3. c3 b6 4. g3 Bb7 5. Bg2 g6 6. 0-0 Bg7 7. Qb3 cxd4 8. Ne5 d5 9. cxd4 0-0 10. Nc3 Nc6 11. Nxc6 Bxc6 12. Rd1 e6 13. f3 Qd7 14. e4 dxe4 15. fxe4 Ng4 16. d5 Qe7 17. Qc4 Bb7 18. d6 Qd7 19. Bf4 Rac8 20. Qe2 Ne5 21. Rac1 Rc6 22. Nb5 Ba6 23. a4 Rxd6 24. Rxd6 Qxd6 25. Nxd6 Bxe2 26. Rc7 a5 27. Kf2 Bd1 28. Nc8 Bxa4 29. Nxb6 Bb5 30. b3 Nd3+ 31. Ke3 e5 32. Bg5 f6 33. Bf1 Rb8 34. Nd5 fxg5 35. Bxd3 Bxd3 36. Kxd3 Rxb3+ 37. Kc2 Rb8 38. Ne7+ Kf8 39. Nc6 Ra8 40. Kb3 a4+ 41. Ka3 h5 42. Na7 Rd8 43. Nc6 Rd2 44. Kxa4 Rxh2 45. Ne7 Bf6 46. Nd5 Rf2 47. Rc8+ Kg7 48. Rc7+ Kg8 49. Rc8+ Kh7 50. Rc7+ Bg7 51. Kb5 h4 52. g4 Rb2+ 53. Ka4 Rb8 54. Nf6+ Kh8 55. Nd5 Rf8 56. Rc6 Kh7 57. Kb5 Rf7 58. Rc3 Kh6 59. Kc6 Rf1 60. Kd6 Rg1 61. Ne3 Rg3 62. Ke6 Kh7 63. Nd5 Rxg4 64. Rc7 Kh6 65. Ne7 Rf4 66. Kd5 h3 67. Rc6 h2 68. Rc1 g4 0-1

[Event "EU-ch rapid"]
[Site "Warsaw"]
[Date "2011.12.17"]
[Round "1"]
[White "Siedlanowski, Lukasz"]
[Black "Polgar, Judit"]
[Result "0-1"]
[WhiteElo "1834"]
[BlackElo "2710"]
[PlyCount "48"]
[EventDate "2011.12.17"]
[EventType "swiss (rapid)"]
[EventRounds "13"]
[EventCountry "POL"]
[SourceTitle "CBM 145 Extra"]
[Source "ChessBase"]
[SourceDate "2012.01.03"]
[SourceVersion "1"]
[SourceVersionDate "2012.01.03"]
[SourceQuality "1"]

1. e4 c5 2. Nf3 d6 3. d4 cxd4 4. Nxd4 Nf6 5. Bd3 e5 6. Ne2 Be7 7. 0-0 0-0 8. Nbc3 Be6 9. Kh1 Nc6 10. Ng3 d5 11. f4 exf4 12. Bxf4 d4 13. Nce2 Ng4 14. Qc1 Bc5 15. Nf5 Bxf5 16. exf5 Re8 17. Bg5 Qd5 18. Ng3 Ne3 19. Rg1 Ne5 20. Be4 N5g4 21. Qd2 Rxe4 22. Nxe4 Qxe4 23. Bxe3 dxe3 24. Qe2 Nf2+ 0-1

[Event "Miedzyrzec Podlaski op 2nd"]
[Site "Miedzyrzec Podlaski"]
[Date "2011.07.15"]
[Round "8"]
[White "Siedlanowski, Lukasz"]
[Black "Klimaszewski, Krzysztof"]
[Result "1-0"]
[WhiteElo "1769"]
[BlackElo "1639"]
[PlyCount "35"]
[EventDate "2011.07.11"]
[EventType "swiss"]
[EventRounds "9"]
[EventCountry "POL"]
[SourceTitle "EXT 2012"]
[Source "ChessBase"]
[SourceDate "2011.11.24"]
[SourceVersion "1"]
[SourceVersionDate "2011.11.24"]
[SourceQuality "1"]

1. e4 c6 2. d4 d5 3. e5 Bf5 4. Nc3 e6 5. g4 Bg6 6. Nge2 Nd7 7. Nf4 Qb6 8. h4 h6 9. Nxg6 fxg6 10. Bd3 Ne7 11. Ne2 0-0-0 12. c3 h5 13. b4 hxg4 14. Nf4 Nf5 15. Nxg6 g3 16. Bxf5 gxf2+ 17. Kf1 exf5 18. Nxh8 1-0

[Event "Podlaskie-ch U15 17th"]
[Site "Suwalki"]
[Date "2011.04.18"]
[Round "6"]
[White "Piotrowski, Przemyslaw"]
[Black "Siedlanowski, Lukasz"]
[Result "1/2-1/2"]
[WhiteElo "1927"]
[BlackElo "1727"]
[PlyCount "115"]
[EventDate "2011.04.14"]
[EventType "swiss"]
[EventRounds "10"]
[EventCountry "POL"]
[SourceTitle "EXT 2012"]
[Source "ChessBase"]
[SourceDate "2011.11.24"]
[SourceVersion "1"]
[SourceVersionDate "2011.11.24"]
[SourceQuality "1"]

1. e4 c6 2. d4 d5 3. exd5 cxd5 4. c4 Nf6 5. Nc3 g6 6. Nf3 Bg7 7. Bd3 0-0 8. 0-0 dxc4 9. Bxc4 Bg4 10. Be3 Nbd7 11. h3 Bxf3 12. Qxf3 Nb6 13. Bb3 Qd7 14. d5 Nc8 15. Ba4 Qf5 16. Qxf5 gxf5 17. Bc5 Nd6 18. Rae1 b6 19. Ba3 Nfe4 20. Nxe4 fxe4 21. Bc6 Rac8 22. b3 f5 23. Kh1 Bd4 24. Rd1 Be5 25. Rfe1 Rc7 26. f3 f4 27. Bxd6 exd6 28. Rxe4 Re7 29. b4 h6 30. Rde1 Kg7 31. b5 Kf6 32. g3 fxg3 33. f4 g2+ 34. Kxg2 Rg7+ 35. Kf3 Bc3 36. Re6+ Kf5 37. R1e3 Rfg8 38. Rxh6 Rg3+ 39. Ke2 Rxe3+ 40. Kxe3 Rg3+ 41. Kf2 Kxf4 42. Rh4+ Kg5 43. Rh7 Rd3 44. h4+ Kg4 45. a4 Bf6 46. Rxa7 Bxh4+ 47. Ke2 Ra3 48. Ra6 Ra2+ 49. Kd3 Bf2 50. Kc3 Bc5 51. Kb3 Ra1 52. Ra8 Kf4 53. Kb2 Bd4+ 54. Kc2 Bc5 55. Rf8+ Ke3 56. Re8+ Kd4 57. Rh8 Kc4 58. Rh3 1/2-1/2

[Event "Podlaskie-ch U15 17th"]
[Site "Suwalki"]
[Date "2011.04.17"]
[Round "5"]
[White "Koitka, Jakub"]
[Black "Siedlanowski, Lukasz"]
[Result "1/2-1/2"]
[WhiteElo "1887"]
[BlackElo "1727"]
[PlyCount "94"]
[EventDate "2011.04.14"]
[EventType "swiss"]
[EventRounds "10"]
[EventCountry "POL"]
[SourceTitle "EXT 2012"]
[Source "ChessBase"]
[SourceDate "2011.11.24"]
[SourceVersion "1"]
[SourceVersionDate "2011.11.24"]
[SourceQuality "1"]

1. e4 c6 2. d4 d5 3. exd5 cxd5 4. Bd3 Nc6 5. c3 Nf6 6. Nd2 Bg4 7. Qb3 Qc7 8. Ngf3 e6 9. 0-0 Bd6 10. h3 Bh5 11. Re1 0-0 12. Qd1 Rfe8 13. Be2 a6 14. Ne5 Bxe5 15. dxe5 Qxe5 16. Bxh5 Qxh5 17. Qxh5 Nxh5 18. Nb3 b6 19. Be3 Rab8 20. Rad1 Nf6 21. Kf1 Ne4 22. Bf4 Rbc8 23. Be3 Rb8 24. Bf4 Rb7 25. f3 Nf6 26. Kf2 Rc8 27. Re2 Nd7 28. Bd6 Na7 29. Kf1 h6 30. Kf2 Nb5 31. Bf4 Nc5 32. Nd4 Nxd4 33. cxd4 Nd7 34. Ree1 Ra7 35. Rc1 Raa8 36. Ke2 Kf8 37. Bd6+ Ke8 38. Kd3 Kd8 39. b3 Nf6 40. Bf8 Ne8 41. Bb4 Kd7 42. Bf8 Ra7 43. Rxc8 Kxc8 44. Rc1+ Rc7 45. Rxc7+ Kxc7 46. g4 f6 47. f4 Kd7 1/2-1/2

[Event "Podlaskie-ch U15 17th"]
[Site "Suwalki"]
[Date "2011.04.15"]
[Round "3"]
[White "Czajkowski, Adam"]
[Black "Siedlanowski, Lukasz"]
[Result "0-1"]
[WhiteElo "1802"]
[BlackElo "1727"]
[PlyCount "58"]
[EventDate "2011.04.14"]
[EventType "swiss"]
[EventRounds "10"]
[EventCountry "POL"]
[SourceTitle "EXT 2012"]
[Source "ChessBase"]
[SourceDate "2011.11.24"]
[SourceVersion "1"]
[SourceVersionDate "2011.11.24"]
[SourceQuality "1"]

1. e4 c6 2. d4 d5 3. Nc3 dxe4 4. Nxe4 Bf5 5. Ng3 Bg6 6. N1e2 Nf6 7. Nf4 Nbd7 8. Bc4 e5 9. Nxg6 hxg6 10. dxe5 Qa5+ 11. c3 Qxe5+ 12. Be3 Bc5 13. 0-0 0-0-0 14. Qf3 Bxe3 15. fxe3 Qe7 16. h3 Ne5 17. Qe2 Nxc4 18. Qxc4 Qxe3+ 19. Kh2 Rxh3+ 20. Kxh3 Rh8+ 21. Qh4 Rxh4+ 22. Kxh4 Qh6+ 23. Nh5 Qxh5+ 24. Kg3 Qe5+ 25. Kh3 g5 26. g3 g4+ 27. Kg2 Nh5 28. Rae1 Qxg3+ 29. Kh1 Nf4 0-1